| 000 | 00674nam a22001937a 4500 | ||
|---|---|---|---|
| 003 | BD-DhUL | ||
| 005 | 20170226192914.0 | ||
| 008 | 170222s2011 bg a|||| m||| 001 0 eng d | ||
| 040 |
_aBD-DhUL _cBD-DhUL |
||
| 082 |
_a297.283 _bNEH |
||
| 100 | 1 | _aNesa, Most. Jebon | |
| 245 |
_aHoly Mary in Christianity and Islam : _h[Thesis M.Phil] _cMost. Jebon Nesa, _ba comparative study / |
||
| 260 |
_aDhaka : _bUniversity of Dhaka; _c2005 |
||
| 300 |
_a141 p. ; _bill. ; _c29 cm. |
||
| 500 | _aThesis (M.Phil)--Department of Islamic Studies, University of Dhaka, 2009. | ||
| 504 | _aIncludes bibliographical references. | ||
| 650 | 4 | _aIslam and Christianity. | |
| 942 |
_2ddc _cREF |
||
| 999 |
_c158291 _d158291 |
||